[Event "Championnat de France des Jeunes - Minim"]
[Site "MONTLUCON"]
[Date "2011.04.24"]
[Round "9.1"]
[White "Barbot, Pierre"]
[Black "Loiseau, Quentin"]
[Result "0-1"]
[WhiteElo "2224"]
[BlackElo "2142"]
[PlyCount "136"]

1. e4 e5 2. Nf3 Nc6 3. d4 exd4 4. Nxd4 Qf6 5. Be3 Bc5 6. c3 Nge7 7. Qd2 d5 8.
Nb5 Bxe3 9. Qxe3 O-O 10. Nd2 Bg4 11. f3 Bh5 12. Bd3 Rad8 13. O-O-O a6 14. Na3
d4 15. cxd4 Qxd4 16. Ndc4 b5 17. Qxd4 Nxd4 18. Ne3 c5 19. Nac2 Ne6 20. Rhe1 f6
21. Bf1 Bf7 22. a4 c4 23. Nb4 Nc5 24. axb5 axb5 25. Kc2 Be6 26. Rxd8 Rxd8 27.
Rd1 Rxd1 28. Nxd1 Nc8 29. Nc6 Nd6 30. Kc3 Bd7 31. Kd4 Na4 32. Ne7+ Kf7 33. Nd5
Nb7 34. N5c3 Nac5 35. Nd5 Ke6 36. f4 Nxe4 37. Nb6 Bc6 38. Ne3 Nec5 39. g3 f5
40. Bh3 Be4 41. Bg2 Bxg2 42. Nxg2 Kd6 43. Ne3 g6 44. Nbd5 Ne6+ 45. Kc3 Kc5 46.
Nb4 Nd6 47. Na6+ Kb6 48. Nb4 Ne4+ 49. Kc2 Kc5 50. Na2 b4 51. Nc1 Nd4+ 52. Kd1
Nf2+ 53. Kd2 Ne4+ 54. Kd1 Nf3 55. Nf1 Kb5 56. Ke2 Nd4+ 57. Kd1 Ne6 58. Ne3 N6c5
59. Ne2 Nd3 60. Kc2 b3+ 61. Kb1 Nd2+ 62. Ka1 Ne1 63. Nc3+ Kc5 64. Ne2 Kb4 65.
h3 Nc2+ 66. Nxc2+ bxc2 67. b3 Nxb3+ 68. Kb2 c1=Q+ 0-1

[Event "Championnat de France des Jeunes - Minim"]
[Site "MONTLUCON"]
[Date "2011.04.24"]
[Round "9.2"]
[White "Moussard, Jules"]
[Black "Roubaud, Alexandre"]
[Result "1-0"]
[WhiteElo "2410"]
[BlackElo "2081"]
[PlyCount "97"]

1. a3 Nf6 2. c4 e6 3. Nf3 c5 4. e3 Nc6 5. b3 d5 6. cxd5 exd5 7. Be2 Bd6 8. Bb2
O-O 9. O-O Re8 10. d4 Be6 11. dxc5 Bxc5 12. Nc3 a6 13. Na4 Bd6 14. Rc1 Rc8 15.
Nc5 Bxc5 16. Rxc5 Nd7 17. Rc1 f6 18. Nd4 Nxd4 19. Qxd4 Ne5 20. Rxc8 Qxc8 21.
Rc1 Qd7 22. Qb6 Rc8 23. Rxc8+ Qxc8 24. f4 Nf7 25. Bd4 Nh6 26. Bc5 Bf5 27. b4
Be4 28. h3 Nf7 29. Bg4 f5 30. Bh5 Nd8 31. Bd6 Ne6 32. Be5 Nf8 33. Be2 Kf7 34.
b5 Nd7 35. Qd6 Nxe5 36. fxe5 a5 37. b6 Qe6 38. Qc7+ Qe7 39. Ba6 d4 40. Bc4+ Kf8
41. exd4 Bc6 42. Qxe7+ Kxe7 43. d5 Ba4 44. d6+ Kd7 45. Bd5 Bc6 46. Bxc6+ Kxc6
47. a4 Kxb6 48. e6 Kc6 49. d7 1-0

[Event "Championnat de France des Jeunes - Minim"]
[Site "MONTLUCON"]
[Date "2011.04.24"]
[Round "9.3"]
[White "Giroyan, Gary"]
[Black "Salles, Louis"]
[Result "1-0"]
[WhiteElo "2249"]
[BlackElo "2008"]
[PlyCount "73"]

1. d4 Nf6 2. c4 g6 3. Nc3 Bg7 4. e4 d6 5. Nf3 O-O 6. Be2 e5 7. O-O Nc6 8. d5
Ne7 9. Kh1 Nh5 10. g3 f5 11. exf5 gxf5 12. Ng5 Nf6 13. f4 e4 14. Be3 c6 15. Qd2
Qc7 16. Rfd1 Rd8 17. Rac1 h6 18. Nh3 a5 19. Nf2 c5 20. h3 h5 21. Rg1 Kf7 22. a3
Bd7 23. b3 b6 24. Rb1 Rab8 25. b4 axb4 26. axb4 Rh8 27. Rb3 Rbg8 28. Rgb1 h4
29. g4 fxg4 30. hxg4 Re8 31. bxc5 bxc5 32. Rb7 Qc8 33. Ncxe4 Nxe4 34. Nxe4 Rh6
35. f5 Nxf5 36. gxf5 Rxe4 37. Bxh6 1-0

[Event "Championnat de France des Jeunes - Minim"]
[Site "MONTLUCON"]
[Date "2011.04.24"]
[Round "9.4"]
[White "Malka, Samuel"]
[Black "Neri, Jean-Baptiste"]
[Result "1-0"]
[WhiteElo "2015"]
[BlackElo "2052"]
[PlyCount "103"]

1. d4 Nf6 2. c4 c5 3. d5 b5 4. cxb5 a6 5. b6 g6 6. Nc3 Qxb6 7. e4 d6 8. Nf3 Bg4
9. Qa4+ Bd7 10. Qc2 Bg7 11. Be2 Bg4 12. e5 dxe5 13. Nxe5 Bxe2 14. Qxe2 O-O 15.
O-O Re8 16. Nc4 Qc7 17. Qf3 Nbd7 18. Bf4 Qd8 19. Rfe1 Nb6 20. Ne5 Nbxd5 21.
Rad1 e6 22. Nc4 Nh5 23. Nd6 Bxc3 24. bxc3 Rf8 25. Bh6 Qxd6 26. c4 Rfd8 27. g4
Nhf4 28. cxd5 Nxd5 29. Bg5 Rdc8 30. Qh3 Qf8 31. Bh6 Qd8 32. Qg3 Qf6 33. Re5 c4
34. Bg5 Qg7 35. Bc1 Rab8 36. f4 c3 37. Qd3 Rb4 38. Qxa6 Rcb8 39. Qd3 Ra4 40. a3
Rc8 41. Qc2 Rcc4 42. Rdxd5 Qf6 43. Ra5 Rxa5 44. Rxa5 Qh4 45. Ra8+ Kg7 46. Qe2
Rc5 47. Ra4 Qf6 48. Rc4 Rd5 49. Qe3 Rd1+ 50. Kg2 Qh4 51. Qxc3+ Kh6 52. f5+ 1-0

[Event "Championnat de France des Jeunes - Minim"]
[Site "MONTLUCON"]
[Date "2011.04.24"]
[Round "9.5"]
[White "Kirk, Ezra"]
[Black "Barbaras, Mathieu"]
[Result "0-1"]
[WhiteElo "2111"]
[BlackElo "2016"]
[PlyCount "68"]

1. d4 Nf6 2. c4 c5 3. d5 b5 4. Qc2 d6 5. e4 bxc4 6. Bxc4 g6 7. h3 Bg7 8. Nf3
O-O 9. O-O Na6 10. Qe2 Nc7 11. Nc3 Nd7 12. Bf4 Rb8 13. Rab1 Nb6 14. Bd3 f5 15.
Bg5 h6 16. Bd2 Kh7 17. Rfe1 f4 18. e5 Bf5 19. Nh4 dxe5 20. Nxf5 gxf5 21. Qh5 e6
22. Rbd1 Ncxd5 23. Bc2 Qg5 24. Qe2 Bf6 25. Qf1 Kh8 26. a4 Nb4 27. Bb1 Nc6 28.
Kh1 Nd4 29. a5 Nd5 30. Qc4 Rg8 31. Rg1 Qh5 32. Nxd5 exd5 33. Qxd5 f3 34. Kh2
fxg2 0-1

[Event "Championnat de France des Jeunes - Minim"]
[Site "MONTLUCON"]
[Date "2011.04.25"]
[Round "9.6"]
[White "Ringuet, Noe"]
[Black "Lemeille, Francois"]
[Result "1-0"]
[WhiteElo "2016"]
[BlackElo "2074"]
[PlyCount "108"]

1. e4 c5 2. Nf3 d6 3. d4 cxd4 4. Nxd4 Nf6 5. Nc3 a6 6. Bc4 e6 7. Bb3 Nbd7 8.
Bg5 Nc5 9. f4 h6 10. Bh4 g5 11. fxg5 Nfxe4 12. Nxe4 Nxe4 13. Qh5 Qa5+ 14. c3
Qe5 15. O-O hxg5 16. Qxf7+ Kd8 17. Bg3 Nxg3 18. hxg3 Qe3+ 19. Rf2 Be7 20. Nxe6+
Bxe6 21. Qxe6 Qxe6 22. Bxe6 d5 23. Rd1 Kc7 24. Rxd5 Kc6 25. Rff5 Rhf8 26. g4
Rad8 27. c4 Rf6 28. Rxd8 Bxd8 29. Bd5+ Kc5 30. Rxg5 b5 31. Bg8+ Kb4 32. c5 Be7
33. a3+ Ka4 34. Re5 Bf8 35. Bh7 Kb3 36. g5 Rc6 37. Re2 Bxc5+ 38. Kh2 Rc7 39.
Bg8+ Ka4 40. g6 Rg7 41. Bf7 b4 42. axb4 Bxb4 43. Kh3 a5 44. Kg4 Bc5 45. Kf5 Kb5
46. Rd2 Be3 47. Rd3 Bc1 48. b3 Bb2 49. Rd8 Kc6 50. Ra8 Kb6 51. Rg8 Kc7 52. Ke6
Ba1 53. Ke7 Bd4 54. Rxg7 Bxg7 1-0

[Event "Championnat de France des Jeunes - Minim"]
[Site "MONTLUCON"]
[Date "2011.04.24"]
[Round "9.7"]
[White "Macon, Arthur"]
[Black "Ravot, Emmanuel"]
[Result "1-0"]
[WhiteElo "1997"]
[BlackElo "2022"]
[PlyCount "87"]

1. d4 d6 2. c4 g6 3. Nc3 Bg7 4. Nf3 Nf6 5. Bg5 O-O 6. e3 c5 7. d5 a6 8. Nd2 h6
9. Bh4 Nbd7 10. a4 Nh7 11. e4 Ne5 12. Be2 f5 13. f4 Ng4 14. Bxg4 fxg4 15. O-O
Bd7 16. Qe2 g5 17. fxg5 Nxg5 18. Bxg5 hxg5 19. e5 Bxe5 20. Nde4 Qe8 21. g3 Qg6
22. Kh1 Bf5 23. Qe3 Bxc3 24. Nxc3 Bd3 25. Rxf8+ Rxf8 26. Re1 Rf7 27. b3 Kf8 28.
Nd1 Qf5 29. Kg1 Bc2 30. Qd2 Bd3 31. Nf2 Bc2 32. Rf1 Bxb3 33. Qb2 e5 34. Qxb3 e4
35. Qe3 Kg7 36. Qxe4 Qd7 37. Qxg4 Qxa4 38. Qxg5+ Kh8 39. Qh6+ Kg8 40. Qg6+ Rg7
41. Qe6+ Kh7 42. Ne4 Qc2 43. Qh3+ Kg8 44. Nf6+ 1-0

[Event "Championnat de France des Jeunes - Minim"]
[Site "MONTLUCON"]
[Date "2011.04.24"]
[Round "9.8"]
[White "Jaouen, Valentin"]
[Black "Degardin, Sylvain"]
[Result "0-1"]
[WhiteElo "1861"]
[BlackElo "1947"]
[PlyCount "118"]

1. e4 c5 2. Nf3 d6 3. d4 cxd4 4. Nxd4 Nf6 5. Nc3 a6 6. Be3 e5 7. Nb3 Be6 8. f3
Be7 9. Qd2 O-O 10. O-O-O Nbd7 11. g4 b5 12. Kb1 Nb6 13. g5 Nh5 14. Rg1 f5 15.
g6 f4 16. gxh7+ Kh8 17. Bf2 Nf6 18. Rh1 b4 19. Bxb6 Qxb6 20. Nd5 Bxd5 21. exd5
a5 22. Qd3 e4 23. Qd4 Qxd4 24. Nxd4 exf3 25. Ne6 Rf7 26. Ng5 Rff8 27. Ne6 Ng4
28. Nxf8 Rxf8 29. Rd2 g5 30. h4 gxh4 31. Bh3 Ne5 32. c3 bxc3 33. bxc3 Nc4 34.
Rf2 Kxh7 35. Bg4 Rb8+ 36. Ka1 Bf6 37. Rc1 Ne5 38. Bxf3 Kh6 39. Be2 f3 40. Bf1
Kg5 41. a4 Kf4 42. Bb5 Ng4 43. Rb2 f2 44. Ka2 Kg3 45. Rd2 Bg5 46. Rd3+ Kg2 47.
Rc2 Rf8 48. Rd1 Ne3 49. Rcc1 Nxd1 50. Rxd1 h3 51. Bf1+ Kg3 52. Rd3+ Rf3 53.
Rxf3+ Kxf3 54. Bxh3 Ke2 55. Kb3 f1=Q 56. Bxf1+ Kxf1 57. Kc4 Bd2 58. Kd3 Ke1 59.
c4 Bb4 0-1

[Event "Championnat de France des Jeunes - Minim"]
[Site "MONTLUCON"]
[Date "2011.04.24"]
[Round "9.9"]
[White "Martin, Axel"]
[Black "Leveque, Guillaume"]
[Result "1-0"]
[WhiteElo "2035"]
[BlackElo "1901"]
[PlyCount "105"]

1. e4 c5 2. Nc3 d6 3. Nf3 Nf6 4. d4 cxd4 5. Nxd4 g6 6. Be3 Bg7 7. f3 Nc6 8. Qd2
Bd7 9. Bc4 Rc8 10. Bb3 Ne5 11. Bh6 Bxh6 12. Qxh6 Nc4 13. Bxc4 Rxc4 14. O-O-O
Qb6 15. Nb3 a5 16. Nd5 Nxd5 17. Rxd5 a4 18. Nd2 Rc7 19. a3 Be6 20. Rd3 Kd7 21.
c3 Qa6 22. Qe3 b5 23. Rd4 Qa7 24. Qg5 Qxd4 25. Qxb5+ Kd8 26. Qb8+ Rc8 27. Qxc8+
Bxc8 28. cxd4 Ba6 29. Nb1 Kd7 30. Nc3 Rc8 31. Kd2 Rb8 32. Nxa4 Rb3 33. Kc2 Re3
34. Nc3 g5 35. Rd1 h5 36. Kd2 Rd3+ 37. Ke1 g4 38. Rxd3 Bxd3 39. f4 e5 40. fxe5
dxe5 41. d5 f5 42. exf5 Bxf5 43. g3 Kd6 44. b4 Bc8 45. Ke2 e4 46. Ke3 Ke5 47.
a4 Bb7 48. a5 Bc8 49. b5 Bb7 50. a6 Bc8 51. a7 Bb7 52. b6 Ba8 53. Nb5 1-0

[Event "Championnat de France des Jeunes - Minim"]
[Site "MONTLUCON"]
[Date "2011.04.24"]
[Round "9.10"]
[White "Rouffignac, Tanguy"]
[Black "Pourquet, Matthieu"]
[Result "0-1"]
[WhiteElo "1992"]
[BlackElo "1750"]
[Annotator "Rivier,Sylvain"]
[PlyCount "46"]

1. e4 e6 2. d4 d5 3. e5 c5 4. c3 Qb6 5. Nf3 Nc6 6. a3 Nh6 7. b4 cxd4 8. cxd4
Nf5 9. Bb2 Be7 10. Nc3 Nfxd4 11. Nxd4 Qxd4 12. Qxd4 Nxd4 13. Nxd5 Nc2+ 14. Kd2
exd5 15. Kxc2 Bf5+ 16. Kb3 O-O 17. Be2 Rac8 18. Rac1 Bg5 19. Rxc8 Rxc8 20. Bf3
Bd8 21. g4 Be6 22. Bd4 g5 23. Rd1 a6 {suite illisible} 0-1